LEADER 00812nam0-22003131i-450- 001 990003059180403321 035 $a000305918 035 $aFED01000305918 035 $a(Aleph)000305918FED01 035 $a000305918 100 $a20000920d1953----km-y0itay50------ba 101 0 $aita 102 $aIT 200 1 $aEconomic Forces in American History$fGeorge Soule. 210 $a[s.l.]$cDryden$d1953. 215 $aVIII, 568 p.$d23 cm 610 0 $aStati Uniti$aStoria economica 676 $aE/4.3 676 $aE/5 676 $aF/1.221 702 1$aSoule,$bGeorge 801 0$aIT$bUNINA$gRICA$2UNIMARC 901 $aBK 912 $a990003059180403321 952 $aE/4.3 SOU$b013580$fSES 959 $aSES 996 $aEconomic Forces in American History$9465292 997 $aUNINA DB $aING01 LEADER 00888nam0-22003011i-450 001 990005551180203316 005 20200326173002.0 035 $a000555118 035 $aUSA01000555118 035 $a(ALEPH)000555118USA01 100 $a20081003d2008----km y1itay5003----ba 101 0 $aeng 102 $aIT 200 1 $aAdvanced analytical models$eover 800 models and 300 applications from the basel II accord to wall street and beyond$fJohnathan Mun 210 $aHoboken, N.J.$cWiley$d2008 215 $aXVIII, 1013 p.$cgraf.$d26 cm$e1 DVD 225 2 $aWiley 410 1$12001$aWiley 606 0 $aElaboratori$2BNCF 676 $a003.3 700 1$aMUN,$bJohnathan$0522724 801 0$aIT$bSOL$c20120104 912 $a990005551180203316 951 $a000 003.3 MUN$b14894 DISES 959 $aBK 969 $aDISES 996 $aAdvanced analytical models$91131373 997 $aUNISA